Les équipes de la mlb - Statistiques

Statistiques générales
  • Ce quiz a été pris 94 fois
  • Le résultat moyen est 17 sur 30
Statistiques - réponses
Hint Extra Hint Réponse % Correct
2 philadelphie phillies
76%
8 seattle mariners
68%
25 san diego padres
68%
26 texas rangers
68%
9 houston astros
66%
17 milwaukee brewers
66%
30 arizona diamondbacks
66%
14 boston red sox
66%
24 baltimore orioles
63%
6 new york yankees
63%
3 oakland athletics
61%
18 toronto blue jays
61%
15 cleveland guardians
61%
23 tampa bay rays
61%
19 kansas city royals
59%
13 san francisco giants
56%
22 miami marlins
56%
1 pittsburgh pirates
56%
27 saint-louis cardinals
54%
11 chicago cubs
54%
12 cincinnati reds
54%
20 colorado rockies
54%
28 los angeles angels
51%
29 los angeles dodgers
51%
16 detroit tigers
51%
21 atlanta braves
49%
7 washington nationals
49%
4 minnesota twins
49%
10 chicago white sox
46%
5 new york mets
41%
Aucun quiz correspondant
Distribution des résultats
% des personnes avec chaque résultat
Percentile par nombre de réponses
Votre historique - résultats
Vous n’avez pas pris ce quiz